000 01110cam a22003497a 4500
003 CHAP
005 20220817042204.0
008 971013s1984 r 00010 d
010 _a37146
011 _a38118
035 _a42238
040 _cCHAP
082 _a634.982
_bF34
110 2 _aFAO
245 1 0 _aExtracción de trozas mediante bueyes y tractores agrícolas
260 _aRoma :
_bFAO,
_c1984
300 _a104 p.
_b: ilus.; gráfs.
490 0 _aFAO. Montes
_v; 49
590 _aBATCH-UPD
_b10
_c20130110
_lUCH01
_h0133
590 _aBATCH-UPD
_b10
_c20130110
_lUCH01
_h0848
590 _aBATCH-UPD
_b10
_c20130409
_lUCH01
_h2129
590 _aBATCH-UPD
_b10
_c20130410
_lUCH01
_h0521
590 _aBATCH-UPD
_b10
_c20130914
_lUCH01
_h0712
590 _aCONVERSION
_b10
_c20130109
_lUCH01
_h1321
650 1 4 _aBosques
_xExtracción.
_914174
700 0 _aRodríguez, E. Octavo.
_998987
830 0 _aFAO. Montes
_v; 49
_939632
901 _aBK
942 _cLIBRO
949 _a634.982 F34
_bBC
_cFAO
_d-97284
_eFAO1
_h63692
_i42238
_si
949 _a634.982 F34
_bBC
_cFAO
_d-97285
_eFAO2
_fc.2
_h72395
_i42238
_si
999 _c37146
_d37146